Business Economics: Microeconomics Analysis (Record no. 11616)

MARC details
000 -LEADER
fixed length control field 00393nam a22001697a 4500
003 - CONTROL NUMBER IDENTIFIER
control field OSt
008 - FIXED-LENGTH DATA ELEMENTS--GENERAL INFORMATION
fixed length control field 221227b ||||| |||| 00| 0 eng d
022 ## - INTERNATIONAL STANDARD SERIAL NUMBER
International Standard Serial Number 9789352837366
082 ## - DEWEY DECIMAL CLASSIFICATION NUMBER
Classification number 338.5 AHB
100 ## - MAIN ENTRY--PERSONAL NAME
Personal name AHUJA,HL
245 ## - TITLE STATEMENT
Title Business Economics: Microeconomics Analysis
250 ## - EDITION STATEMENT
Edition statement Ed.13
260 ## - PUBLICATION, DISTRIBUTION, ETC. (IMPRINT)
Place of publication, distribution, etc New Delhi
Name of publisher, distributor, etc S.Chand
Date of publication, distribution, etc 2022
300 ## - PHYSICAL DESCRIPTION
Extent 690
650 ## - SUBJECT ADDED ENTRY--TOPICAL TERM
Topical term or geographic name as entry element MBA
942 ## - ADDED ENTRY ELEMENTS (KOHA)
Source of classification or shelving scheme Dewey Decimal Classification
Koha item type Reference Books
Holdings
Withdrawn status Lost status Source of classification or shelving scheme Damaged status Not for loan Collection code Home library Current library Date acquired Source of acquisition Currency Cost, normal purchase price Inventory number Bill Number Total Checkouts Full call number Acc. no. / Barcode Date last seen Actual Cost, discounted price Bill Date Koha item type
    Dewey Decimal Classification     MBA PIET C-LIBRARY PIET C-LIBRARY 06/12/2022 Kirti Praskshan IN Rupees 395.00 1 IN1577   338.5 AHB 34247 27/12/2022 284.40 06/12/2022 Reference Books

Design & Developed by: PIET Central Library
R70 Miles Stone Pattikalyana Samalkha Panipat 132102
mail ID :- [email protected], Phone No:- 0180-2569700 Ex.216